00700nam a2200229Ia 4500003000900000008004100009040001300050040001300063041000800076100001400084245006600098250001100164260002100175260000900196300001100205300001000216490001600226490000800242942000700250999001700257952019600274IT-RoPAU120407s9999 xx 000 0 und d aIT-RoPAU cIT-RoPAU aita aErnst Ell aNaufragio del matrimonio? Conflitti coniugali: peso e chance. aMilano aEdizioni Paoline c1968 a174 p. c18 cm aLa famiglia v146 cBK c27170d27170 00102ddc406257_84600000000000071aPAULUSbPAULUSd2012-04-11l0o257.846r2012-04-11 00:00:00w2012-04-11yBKzInserito da: Jole In data: 22 luglio 2011 fondo: Via A.Severo 56 Progr:26976